Samovražedný terorizmus ako extrémna forma politickej participácie

Podstata a stratégia samovražedného terorizmu. Samovražedný terorizmus ako forma politickej participácie.

Guardado en:
Detalles Bibliográficos
Autor principal: Sviatko, Martin
Formato: Capítulo de libro
Lenguaje:eslovaco
Materias:
Etiquetas: Agregar Etiqueta
Sin Etiquetas, Sea el primero en etiquetar este registro!

MARC

LEADER 00000naa a2200000 4500
001 r048032
005 20231004105534.1
041 0 |a slo 
044 |a CZ 
245 1 0 |a Samovražedný terorizmus ako extrémna forma politickej participácie  |c Martin Sviatko 
520 |a Podstata a stratégia samovražedného terorizmu. Samovražedný terorizmus ako forma politickej participácie. 
610 2 0 |a terorizmus 
610 2 0 |a politika medzinárodná 
610 2 0 |a konflikty medzinárodné 
610 2 0 |a vzťahy politické medzinárodné 
100 1 |a Sviatko, Martin